IPOs in the U.S. from 2005 to 2015: Using the Spline Regression Technique to Estimate Aggregate Issuance and Performance
Vzťah medzi výnosmi z IPO a výkonnosťou na akciových burzách v USA od období 2005-2015.
Uložené v:
| Hlavný autor: | |
|---|---|
| Ďalší autori: | |
| Médium: | Kapitola |
| Jazyk: | English |
| Predmet: | |
| Tagy: |
Žiadne tagy, Buďte prvý, kto otaguje tento záznam!
|
MARC
| LEADER | 00000nla a2200000 4500 | ||
|---|---|---|---|
| 001 | 0242499 | ||
| 005 | 20240417075137.5 | ||
| 041 | 0 | |a eng | |
| 044 | |a CZ | ||
| 245 | 1 | 0 | |a IPOs in the U.S. from 2005 to 2015: Using the Spline Regression Technique to Estimate Aggregate Issuance and Performance |c Zachary Alexander Smith, Muhammad Zubair Mumtaz |
| 520 | |a Vzťah medzi výnosmi z IPO a výkonnosťou na akciových burzách v USA od období 2005-2015. | ||
| 610 | 2 | 0 | |a trh finančný |
| 610 | 2 | 0 | |a trh akciový |
| 610 | 2 | 0 | |a burzy |
| 610 | 2 | 0 | |a akcie |
| 610 | 2 | 0 | |a výkonnosť |
| 610 | 2 | 0 | |a výnosy |
| 610 | 2 | 0 | |a analýza regresná |
| 610 | 2 | 0 | |a cykly hospodárske |
| 610 | 2 | 0 | |a USA |
| 100 | 1 | |a Smith, Zachary Alexander | |
| 700 | 1 | |a Mumtaz, Muhammad Zubair | |